MARC

LEADER 00000nam0a2200000 4500
001 371270
005 20231102012349.0
035 |a (RuTPU)RU\TPU\retro\28680 
035 |a RU\TPU\retro\18901 
090 |a 371270 
100 |a 20221006d1978 km y0rusy50 ca 
101 1 |a rus 
102 |a RU 
105 |a a z 101zy 
200 1 |a Выключатели высокого напряжения  |e переводы докладов Международной конференции по большим электрическим системам (СИГРЭ-76)  |f под ред. Н. В. Шилина 
210 |a Москва  |c Энергия  |d 1978 
215 |a 128 с.  |c ил. 
225 1 |a Энергетика за рубежом 
320 |a Библиогр. в конце докл. 
606 1 |a Выключатели высоковольтные  |x Испытание  |2 stltpush  |3 (RuTPU)RU\TPU\subj\3875  |9 32216 
610 1 |a электрические системы 
610 1 |a зарубежный опыт 
610 1 |a малые индуктивные токи 
610 1 |a отключение 
610 1 |a переходные восстанавливающиеся напряжения 
610 1 |a воздушные выключатели 
610 1 |a элегазовые выключатели 
610 1 |a электрическая дуга 
610 1 |a гашение 
675 |a 621.316.542.027(063)  |v 4 
702 1 |a Шилин  |b Н. В.  |4 340 
712 1 2 |a Выключатели высокого напряжения  |c конференция (СИГРЭ-76)  |e Москва  |f 1976  |4 570 
801 1 |a RU  |b 63413507  |c 20210623 
801 2 |a RU  |b 63413507  |c 20221006  |g RCR 
942 |c BK